| 000 | 01096nam a2200301 a 4500 | ||
|---|---|---|---|
| 001 | 000037982 | ||
| 003 | DO-SdBPM | ||
| 005 | 20250903111615.0 | ||
| 007 | ta | ||
| 008 | 130311s1999 dr ac r 000 0 spa d | ||
| 040 |
_aDO-SdBPM _bspa _cBPMSU _drda |
||
| 082 | 4 |
_a792.028 _bJ61o 1999 _222 |
|
| 100 | 1 |
_aJiménez, José Francisco _eautor |
|
| 245 | 1 | 0 |
_aOficio de la voz y la actuación / _cJosé Francisco Jiménes; prólogo Juan Luis Bello. |
| 264 |
_aSanto Domingo : _bUniversidad Autónoma de Santo Domingo, _c1999. |
||
| 300 |
_a192 páginas : _bilustraciones retratos ; _c21 cm. |
||
| 336 |
_atexto _btxt _2rdacontent |
||
| 337 |
_asin mediación _bn _2rdamedia |
||
| 338 |
_avolumen _bnc _2rdacarrier |
||
| 490 | 1 |
_aUniversidad Autónoma de Santo Domingo ; _aLiteratura y sociedad, _v947/33 |
|
| 500 | _aIncluye datos biográficos del autor en la contracubierta | ||
| 590 | _aInventariado, 2025/VM | ||
| 650 | 7 | _aActuación teatral | |
| 650 | 7 | _aMétodo de actuación | |
| 700 |
_aBello, Juan Luis, _eprólogo |
||
| 910 | _aVMateo V. Control de calidad. BPMSU | ||
| 942 |
_2ddc _cBK |
||
| 999 |
_c15365 _d15365 |
||